Giáo trình luật hình sự Việt Nam : Phần các tội phạm (dùng trong các trường Đại học chuyên ngành Luật, An ninh, Công an

Giáo trình gồm 14 chương trình bày các vấn đề chung và cụ thể các tội xâm phạm an ninh quốc gia, các tội xâm phạm tính mạng, sức khỏe, nhân phẩm danh dự của con người, các tội xâm phạm quyền tự do dân chủ của công dân, các tội xâm phạm so...

Descripció completa

Guardat en:
Dades bibliogràfiques
Autor principal: Cao, Thị Oanh
Format: Llibre
Idioma:Undetermined
Publicat: Hà Nội Giáo dục Việt Nam 2010
Matèries:
Etiquetes: Afegir etiqueta
Sense etiquetes, Sigues el primer a etiquetar aquest registre!
Thư viện lưu trữ: Trung tâm Học liệu Trường Đại học Cần Thơ
LEADER 01321nam a2200229Ia 4500
001 CTU_160961
008 210402s9999 xx 000 0 und d
020 |c 35000 
082 |a 345.597 
082 |b O.408 
100 |a Cao, Thị Oanh 
245 0 |a Giáo trình luật hình sự Việt Nam : 
245 0 |b Phần các tội phạm (dùng trong các trường Đại học chuyên ngành Luật, An ninh, Công an 
245 0 |c Cao Thị Oanh (chủ biên) 
260 |a Hà Nội 
260 |b Giáo dục Việt Nam 
260 |c 2010 
520 |a Giáo trình gồm 14 chương trình bày các vấn đề chung và cụ thể các tội xâm phạm an ninh quốc gia, các tội xâm phạm tính mạng, sức khỏe, nhân phẩm danh dự của con người, các tội xâm phạm quyền tự do dân chủ của công dân, các tội xâm phạm sở hữu, các tội xâm phạm về ma túy, các tội xâm phạm về chức vụ,... 
650 |a Criminal law,Criminal procedure,Luật hình sự,Tố tụng hình sự 
650 |z Vietnam,Vietnam,Việt Nam,Việt Nam 
904 |i Năm, Ý, Trọng Hiếu 
980 |a Trung tâm Học liệu Trường Đại học Cần Thơ